[Event "Rapid 2018"]
[Site "Saint-Petersburg"]
[Date "2018.12.28"]
[Round "14"]
[Board "58"]
[White "Sanal Vahap (TUR)"]
[Black "Jumabayev Rinat (KAZ)"]
[Result "0-1"]
[LiveChessVersion "1.4.8"]
[BlackElo "2593"]
[WhiteElo "2476"]

1. e4 {[%clk 0:15:14]} e6 {[%clk 0:15:16]} 2. d4 {[%clk 0:15:22]} d5
{[%clk 0:15:25]} 3. Nd2 {[%clk 0:15:31]} c5 {[%clk 0:15:32]} 4. exd5
{[%clk 0:15:36]} Qxd5 {[%clk 0:15:40]} 5. Ngf3 {[%clk 0:15:44]} cxd4
{[%clk 0:15:49]} 6. Bc4 {[%clk 0:15:49]} Qd7 {[%clk 0:15:58]} 7. O-O
{[%clk 0:15:45]} a6 {[%clk 0:15:59]} 8. a4 {[%clk 0:15:50]} Nc6 {[%clk 0:15:48]}
9. Qe2 {[%clk 0:15:36]} Nf6 {[%clk 0:15:35]} 10. Nb3 {[%clk 0:15:39]} Bd6
{[%clk 0:15:07]} 11. Rd1 {[%clk 0:15:36]} Qc7 {[%clk 0:12:20]} 12. Nbxd4
{[%clk 0:15:35]} Nxd4 {[%clk 0:12:11]} 13. Rxd4 {[%clk 0:15:41]} Bd7
{[%clk 0:11:10]} 14. Bg5 {[%clk 0:13:49]} Bc6 {[%clk 0:08:39]} 15. Bxe6
{[%clk 0:11:56]} Bxf3 {[%clk 0:08:31]} 16. Qxf3 {[%clk 0:11:47]} fxe6
{[%clk 0:08:13]} 17. Bxf6 {[%clk 0:11:13]} O-O {[%clk 0:07:48]} 18. Rg4
{[%clk 0:10:11]} Bxh2+ {[%clk 0:07:37]} 19. Kh1 {[%clk 0:10:08]} Be5
{[%clk 0:07:11]} 20. Bxe5 {[%clk 0:08:40]} Qxe5 {[%clk 0:07:19]} 21. Qg3
{[%clk 0:07:47]} Qxb2 {[%clk 0:06:04]} 22. Re1 {[%clk 0:07:54]} Rae8
{[%clk 0:05:45]} 23. c3 {[%clk 0:06:03]} Re7 {[%clk 0:05:44]} 24. Kg1
{[%clk 0:06:04]} Qd2 {[%clk 0:05:42]} 25. Rge4 {[%clk 0:06:10]} Rc8
{[%clk 0:03:46]} 26. R1e3 {[%clk 0:04:33]} Qd1+ {[%clk 0:03:44]} 27. Re1
{[%clk 0:04:39]} Qd7 {[%clk 0:03:36]} 28. R1e3 {[%clk 0:03:49]} h6
{[%clk 0:02:09]} 29. Qg4 {[%clk 0:03:44]} Rc6 {[%clk 0:01:32]} 30. Re5
{[%clk 0:03:38]} Rd6 {[%clk 0:01:35]} 31. a5 {[%clk 0:03:43]} Rd1+
{[%clk 0:01:08]} 32. Kh2 {[%clk 0:03:51]} Rd5 {[%clk 0:01:05]} 33. g3
{[%clk 0:03:40]} Rxe5 {[%clk 0:01:08]} 34. Rxe5 {[%clk 0:03:49]} Rf7
{[%clk 0:01:03]} 35. Qe2 {[%clk 0:03:52]} Qc7 {[%clk 0:00:50]} 36. Rxe6
{[%clk 0:02:25]} Qxa5 {[%clk 0:00:58]} 37. c4 {[%clk 0:02:20]} Qf5
{[%clk 0:01:00]} 38. Kg1 {[%clk 0:02:24]} Kh7 {[%clk 0:01:00]} 39. Re5
{[%clk 0:02:29]} Qb1+ {[%clk 0:01:07]} 40. Kg2 {[%clk 0:02:37]} Qb6
{[%clk 0:01:12]} 41. c5 {[%clk 0:02:20]} Qc6+ {[%clk 0:01:20]} 42. Kg1
{[%clk 0:02:28]} Qg6 {[%clk 0:00:30]} 43. Re6 {[%clk 0:02:24]} Qb1+
{[%clk 0:00:39]} 44. Kg2 {[%clk 0:02:32]} a5 {[%clk 0:00:44]} 45. Qc4
{[%clk 0:01:49]} Qf5 {[%clk 0:00:46]} 46. f4 {[%clk 0:01:48]} Rd7
{[%clk 0:00:43]} 47. Re5 {[%clk 0:01:13]} Qb1 {[%clk 0:00:28]} 48. Re2
{[%clk 0:00:31]} Rd1 {[%clk 0:00:33]} 49. Qe4+ {[%clk 0:00:15]} Qxe4+
{[%clk 0:00:41]} 50. Rxe4 {[%clk 0:00:24]} Rc1 {[%clk 0:00:43]} 51. Re7
{[%clk 0:00:28]} Rb1 {[%clk 0:00:51]} 52. f5 {[%clk 0:00:28]} Kg8
{[%clk 0:00:58]} 53. Rc7 {[%clk 0:00:30]} Rb5 {[%clk 0:00:51]} 54. Kf3
{[%clk 0:00:19]} a4 {[%clk 0:01:01]} 55. Ke4 {[%clk 0:00:16]} a3 {[%clk 0:01:08]}
56. Rc8+ {[%clk 0:00:23]} Kf7 {[%clk 0:01:16]} 57. Ra8 {[%clk 0:00:31]} Rb3
{[%clk 0:01:21]} 58. Ke5 {[%clk 0:00:29]} Re3+ {[%clk 0:00:54]} 59. Kf4
{[%clk 0:00:26]} Rc3 {[%clk 0:00:58]} 60. Ra7 {[%clk 0:00:21]} Kf6
{[%clk 0:01:07]} 61. g4 {[%clk 0:00:18]} Rxc5 {[%clk 0:00:34]} 62. Rxa3
{[%clk 0:00:24]} Rc4+ {[%clk 0:00:43]} 63. Kf3 {[%clk 0:00:28]} Kg5
{[%clk 0:00:51]} 64. Ra7 {[%clk 0:00:11]} Rf4+ {[%clk 0:00:52]} 65. Ke3
{[%clk 0:00:20]} Rb4 {[%clk 0:01:01]} 66. Kf3 {[%clk 0:00:25]} Rb3+
{[%clk 0:01:03]} 67. Ke4 {[%clk 0:00:34]} Kxg4 {[%clk 0:01:08]} 68. Ra4
{[%clk 0:00:43]} Kg5 {[%clk 0:01:13]} 69. Ra1 {[%clk 0:00:39]} Kf6
{[%clk 0:01:10]} 70. Rg1 {[%clk 0:00:31]} Rb4+ {[%clk 0:01:02]} 71. Ke3
{[%clk 0:00:40]} h5 {[%clk 0:00:45]} 72. Rg6+ {[%clk 0:00:48]} Kxf5
{[%clk 0:00:54]} 73. Rxg7 {[%clk 0:00:57]} h4 {[%clk 0:00:52]} 74. Rg8
{[%clk 0:00:56]} Rb3+ {[%clk 0:00:55]} 75. Kf2 {[%clk 0:00:54]} h3
{[%clk 0:01:01]} 76. Rf8+ {[%clk 0:01:02]} Ke4 {[%clk 0:01:07]} 77. Rh8
{[%clk 0:00:52]} b5 {[%clk 0:01:09]} 78. Rh4+ {[%clk 0:00:58]} Kd5
{[%clk 0:01:18]} 79. Rh5+ {[%clk 0:01:02]} Kc6 {[%clk 0:01:27]} 80. Ke2
{[%clk 0:00:57]} Kb6 {[%clk 0:01:24]} 81. Kd2 {[%clk 0:01:05]} Ka5
{[%clk 0:01:33]} 82. Kc2 {[%clk 0:01:11]} Rg3 {[%clk 0:01:42]} 83. Rh4
{[%clk 0:01:15]} b4 {[%clk 0:01:48]} 84. Rh8 {[%clk 0:01:19]} Ka4
{[%clk 0:01:54]} 85. Ra8+ {[%clk 0:01:16]} Kb5 {[%clk 0:02:03]} 86. Rh8
{[%clk 0:01:24]} b3+ {[%clk 0:02:03]} 87. Kb2 {[%clk 0:01:33]} Kc5
{[%clk 0:02:12]} 88. Rd8 {[%clk 0:01:13]} Kc4 {[%clk 0:02:20]} 89. Rc8+
{[%clk 0:01:16]} Kd4 {[%clk 0:02:27]} 90. Re8 {[%clk 0:01:24]} Re3
{[%clk 0:02:31]} 91. Rh8 {[%clk 0:01:16]} Ke4 {[%clk 0:02:37]} 92. Kc1
{[%clk 0:01:24]} Rd3 {[%clk 0:02:36]} 93. Rf8 {[%clk 0:01:08]} Rf3
{[%clk 0:02:45]} 94. Rh8 {[%clk 0:01:12]} Ke3 {[%clk 0:02:48]} 95. Rh7
{[%clk 0:00:41]} Kf2 {[%clk 0:02:52]} 96. Kd2 {[%clk 0:00:43]} Kg2
{[%clk 0:02:58]} 0-1

[Event "Rapid 2018"]
[Site "Saint-Petersburg"]
[Date "2018.12.28"]
[Round "14"]
[Board "59"]
[White "Vishnu Prasanna. V (IND)"]
[Black "Bindrich Falko (GER)"]
[Result "0-1"]
[LiveChessVersion "1.4.8"]
[BlackElo "2584"]
[WhiteElo "2489"]

1. e4 {[%clk 0:15:17]} e5 {[%clk 0:15:19]} 2. Nf3 {[%clk 0:15:25]} Nf6
{[%clk 0:15:28]} 3. Nxe5 {[%clk 0:15:28]} d6 {[%clk 0:15:37]} 4. Nc4
{[%clk 0:15:34]} Nxe4 {[%clk 0:15:44]} 5. Qe2 {[%clk 0:15:42]} Qe7
{[%clk 0:15:47]} 6. Ne3 {[%clk 0:15:49]} Nf6 {[%clk 0:15:44]} 7. b3
{[%clk 0:15:09]} Nc6 {[%clk 0:15:00]} 8. Bb2 {[%clk 0:15:17]} Be6
{[%clk 0:15:09]} 9. g3 {[%clk 0:14:59]} O-O-O {[%clk 0:15:07]} 10. Bg2
{[%clk 0:15:03]} d5 {[%clk 0:15:15]} 11. d4 {[%clk 0:14:50]} g6 {[%clk 0:14:29]}
12. Nd2 {[%clk 0:13:27]} Bh6 {[%clk 0:14:37]} 13. O-O {[%clk 0:13:15]} Rhe8
{[%clk 0:13:38]} 14. Rfe1 {[%clk 0:12:14]} Qd7 {[%clk 0:13:41]} 15. Qf3
{[%clk 0:10:51]} Ng4 {[%clk 0:13:21]} 16. a3 {[%clk 0:08:12]} Nxe3
{[%clk 0:12:43]} 17. fxe3 {[%clk 0:08:19]} Bg4 {[%clk 0:11:57]} 18. Qf2
{[%clk 0:08:25]} Bh3 {[%clk 0:11:46]} 19. Bh1 {[%clk 0:08:00]} Qf5
{[%clk 0:09:49]} 20. c4 {[%clk 0:05:34]} Qd3 {[%clk 0:09:02]} 21. cxd5
{[%clk 0:04:06]} Bxe3 {[%clk 0:09:11]} 22. Rxe3 {[%clk 0:04:14]} Rxe3
{[%clk 0:09:20]} 23. Nc4 {[%clk 0:03:01]} Re2 {[%clk 0:08:10]} 24. dxc6
{[%clk 0:02:10]} Rxf2 {[%clk 0:07:49]} 25. cxb7+ {[%clk 0:02:18]} Kb8
{[%clk 0:07:57]} 26. Kxf2 {[%clk 0:02:26]} Re8 {[%clk 0:07:26]} 27. Rc1
{[%clk 0:00:48]} Re2+ {[%clk 0:07:24]} 28. Kg1 {[%clk 0:00:57]} Rxb2
{[%clk 0:07:21]} 0-1

[Event "Rapid 2018"]
[Site "Saint-Petersburg"]
[Date "2018.12.28"]
[Round "14"]
[Board "60"]
[White "Bosiocic Marin (CRO)"]
[Black "Al-Sayed Mohammed (QAT)"]
[Result "1/2-1/2"]
[LiveChessVersion "1.4.8"]
[BlackElo "2419"]
[WhiteElo "2584"]

1. d4 {[%clk 0:15:19]} d5 {[%clk 0:15:18]} 2. c4 {[%clk 0:15:26]} c6
{[%clk 0:15:26]} 3. Nf3 {[%clk 0:15:34]} Nf6 {[%clk 0:15:35]} 4. e3
{[%clk 0:15:43]} Bf5 {[%clk 0:15:43]} 5. Nc3 {[%clk 0:15:50]} e6 {[%clk 0:15:51]}
6. Nh4 {[%clk 0:15:59]} Bg6 {[%clk 0:15:59]} 7. Nxg6 {[%clk 0:16:05]} hxg6
{[%clk 0:16:07]} 8. Bd2 {[%clk 0:16:14]} Qc7 {[%clk 0:16:06]} 9. h3
{[%clk 0:16:20]} Nbd7 {[%clk 0:16:08]} 10. cxd5 {[%clk 0:16:28]} exd5
{[%clk 0:15:20]} 11. Bd3 {[%clk 0:16:35]} Be7 {[%clk 0:15:15]} 12. Qf3
{[%clk 0:16:20]} Nb6 {[%clk 0:14:51]} 13. O-O-O {[%clk 0:16:21]} O-O-O
{[%clk 0:12:43]} 14. Kb1 {[%clk 0:16:28]} Kb8 {[%clk 0:12:11]} 15. Rc1
{[%clk 0:16:30]} Qd7 {[%clk 0:11:45]} 16. g4 {[%clk 0:16:33]} Qe6
{[%clk 0:11:53]} 17. Rhe1 {[%clk 0:15:42]} Nc4 {[%clk 0:11:31]} 18. Bxc4
{[%clk 0:15:02]} dxc4 {[%clk 0:11:40]} 19. Rcd1 {[%clk 0:14:51]} Ka8
{[%clk 0:11:11]} 20. Bc1 {[%clk 0:13:25]} Nd5 {[%clk 0:10:07]} 21. e4
{[%clk 0:12:59]} Nb4 {[%clk 0:10:16]} 22. d5 {[%clk 0:12:52]} Qf6
{[%clk 0:10:25]} 23. Qxf6 {[%clk 0:12:01]} gxf6 {[%clk 0:10:34]} 24. dxc6
{[%clk 0:11:53]} bxc6 {[%clk 0:10:43]} 25. Rh1 {[%clk 0:11:07]} Nd3
{[%clk 0:10:17]} 26. Be3 {[%clk 0:10:46]} Rb8 {[%clk 0:09:32]} 27. b3
{[%clk 0:09:44]} Rhd8 {[%clk 0:09:38]} 28. Kc2 {[%clk 0:09:00]} Nb4+
{[%clk 0:07:26]} 29. Kb1 {[%clk 0:08:45]} Nd3 {[%clk 0:07:16]} 30. Kc2
{[%clk 0:08:55]} Nb4+ {[%clk 0:06:30]} 31. Kb1 {[%clk 0:09:04]} 1/2-1/2

[Event "Rapid 2018"]
[Site "Saint-Petersburg"]
[Date "2018.12.28"]
[Round "14"]
[Board "62"]
[White "Najer Evgeniy (RUS)"]
[Black "Sokolin Leonid (USA)"]
[Result "1-0"]
[LiveChessVersion "1.4.8"]
[BlackElo "2508"]
[WhiteElo "2653"]

1. e4 {[%clk 0:13:07]} e6 {[%clk 0:15:11]} 2. d4 {[%clk 0:13:15]} d5
{[%clk 0:15:20]} 3. Nc3 {[%clk 0:13:24]} Nf6 {[%clk 0:15:24]} 4. e5
{[%clk 0:13:30]} Nfd7 {[%clk 0:15:33]} 5. f4 {[%clk 0:13:39]} c5 {[%clk 0:15:42]}
6. Nf3 {[%clk 0:13:47]} Nc6 {[%clk 0:15:51]} 7. Be3 {[%clk 0:13:56]} Be7
{[%clk 0:16:00]} 8. dxc5 {[%clk 0:13:42]} Nxc5 {[%clk 0:15:56]} 9. Qd2
{[%clk 0:13:38]} a6 {[%clk 0:15:44]} 10. Qf2 {[%clk 0:12:39]} Qa5
{[%clk 0:15:27]} 11. Bd3 {[%clk 0:10:51]} Nb4 {[%clk 0:13:57]} 12. Qe2
{[%clk 0:10:17]} b5 {[%clk 0:13:23]} 13. O-O {[%clk 0:07:07]} Nbxd3
{[%clk 0:13:26]} 14. cxd3 {[%clk 0:07:15]} b4 {[%clk 0:13:33]} 15. Nd1
{[%clk 0:07:00]} Bd7 {[%clk 0:09:36]} 16. Nf2 {[%clk 0:07:01]} O-O
{[%clk 0:09:29]} 17. Nd4 {[%clk 0:06:22]} Rfc8 {[%clk 0:08:38]} 18. Ng4
{[%clk 0:06:20]} h5 {[%clk 0:08:08]} 19. Nf6+ {[%clk 0:06:17]} gxf6
{[%clk 0:07:36]} 20. Qxh5 {[%clk 0:06:25]} Qd8 {[%clk 0:03:06]} 21. Rf3
{[%clk 0:06:16]} Qf8 {[%clk 0:03:15]} 22. Rg3+ {[%clk 0:06:14]} Qg7
{[%clk 0:03:25]} 23. Rxg7+ {[%clk 0:05:05]} Kxg7 {[%clk 0:03:34]} 24. f5
{[%clk 0:05:13]} Rh8 {[%clk 0:03:30]} 25. Qg4+ Kf8 26. fxe6 {[%clk 0:05:22]} Nxe6
{[%clk 0:03:43]} 27. Rf1 {[%clk 0:04:43]} Ke8 {[%clk 0:01:59]} 28. exf6 Bd6 29.
h3 {[%clk 0:04:00]} Nxd4 {[%clk 0:00:59]} 30. Qxd4 {[%clk 0:03:51]} Be6
{[%clk 0:01:08]} 31. Qb6 {[%clk 0:03:45]} Rd8 {[%clk 0:00:57]} 32. Qc6+
{[%clk 0:03:53]} Kf8 {[%clk 0:00:26]} 33. Bb6 {[%clk 0:03:59]} 1-0

[Event "Rapid 2018"]
[Site "Saint-Petersburg"]
[Date "2018.12.28"]
[Round "14"]
[Board "63"]
[White "Drygalov Andrey (RUS)"]
[Black "Khismatullin Denis (RUS)"]
[Result "1-0"]
[LiveChessVersion "1.4.8"]
[BlackElo "2632"]
[WhiteElo "2491"]

1. e4 {[%clk 0:15:18]} c5 {[%clk 0:15:20]} 2. Nf3 {[%clk 0:15:25]} d6
{[%clk 0:15:27]} 3. Bb5+ {[%clk 0:15:33]} Nd7 {[%clk 0:15:35]} 4. O-O
{[%clk 0:15:32]} a6 {[%clk 0:15:39]} 5. Bd3 {[%clk 0:15:40]} Ngf6
{[%clk 0:15:08]} 6. Re1 {[%clk 0:15:49]} e6 {[%clk 0:14:13]} 7. c3
{[%clk 0:15:39]} b5 {[%clk 0:14:18]} 8. a4 {[%clk 0:15:33]} c4 {[%clk 0:12:35]}
9. Bc2 {[%clk 0:15:41]} Rb8 {[%clk 0:12:36]} 10. axb5 {[%clk 0:15:05]} axb5
{[%clk 0:12:44]} 11. d4 {[%clk 0:14:31]} cxd3 {[%clk 0:12:38]} 12. Qxd3
{[%clk 0:14:04]} Bb7 {[%clk 0:10:52]} 13. b4 {[%clk 0:12:13]} Be7
{[%clk 0:10:58]} 14. Bf4 {[%clk 0:11:38]} e5 {[%clk 0:10:48]} 15. Bg3
{[%clk 0:11:22]} O-O {[%clk 0:10:44]} 16. Nbd2 {[%clk 0:11:28]} Qc7
{[%clk 0:10:33]} 17. Bb3 {[%clk 0:11:27]} Bc6 {[%clk 0:09:51]} 18. Bh4
{[%clk 0:07:59]} Nb6 {[%clk 0:09:08]} 19. Bxf6 {[%clk 0:06:48]} Bxf6
{[%clk 0:09:14]} 20. Nf1 {[%clk 0:06:53]} Qb7 {[%clk 0:09:00]} 21. Ng3
{[%clk 0:05:56]} Rbd8 {[%clk 0:07:58]} 22. Nh5 {[%clk 0:03:23]} Be7
{[%clk 0:08:07]} 23. Qe3 {[%clk 0:03:31]} Bd7 {[%clk 0:04:50]} 24. Ra5
{[%clk 0:03:07]} Rc8 {[%clk 0:04:28]} 25. h3 {[%clk 0:02:28]} Rc7
{[%clk 0:03:26]} 26. Nxe5 {[%clk 0:01:30]} dxe5 {[%clk 0:01:59]} 27. Qg3
{[%clk 0:01:39]} g6 {[%clk 0:02:03]} 28. Qxe5 {[%clk 0:01:48]} gxh5
{[%clk 0:02:11]} 29. Qxe7 {[%clk 0:01:56]} Rc6 {[%clk 0:01:30]} 30. Rxb5
{[%clk 0:02:02]} Rg6 {[%clk 0:01:18]} 31. Rxh5 {[%clk 0:02:05]} Rxg2+
{[%clk 0:00:30]} 32. Kh1 {[%clk 0:01:47]} Rg6 {[%clk 0:00:34]} 33. Rxh7
{[%clk 0:01:02]} Kxh7 {[%clk 0:00:26]} 34. Qxf8 {[%clk 0:01:11]} Be6
{[%clk 0:00:18]} 35. Bxe6 {[%clk 0:01:18]} fxe6 {[%clk 0:00:14]} 36. Qf3
{[%clk 0:00:21]} Nc4 {[%clk 0:00:13]} 37. Rg1 {[%clk 0:00:19]} Rh6
{[%clk 0:00:15]} 38. Qg4 {[%clk 0:00:18]} Qf7 {[%clk 0:00:20]} 39. b5
{[%clk 0:00:17]} Ne5 {[%clk 0:00:19]} 40. Qg3 {[%clk 0:00:26]} Rg6
{[%clk 0:00:24]} 41. Qh4+ {[%clk 0:00:31]} Rh6 {[%clk 0:00:30]} 42. Qg3
{[%clk 0:00:41]} Ng6 {[%clk 0:00:29]} 43. b6 {[%clk 0:00:16]} Nf4
{[%clk 0:00:27]} 44. b7 {[%clk 0:00:25]} Nxh3 {[%clk 0:00:14]} 45. Qg8+
{[%clk 0:00:30]} Qxg8 {[%clk 0:00:17]} 46. Rxg8 {[%clk 0:00:39]} Kxg8
{[%clk 0:00:13]} 47. b8=Q+ {[%clk 0:00:47]} 1-0

[Event "Rapid 2018"]
[Site "Saint-Petersburg"]
[Date "2018.12.28"]
[Round "14"]
[Board "64"]
[White "Maghsoodloo Parham (IRI)"]
[Black "Kovalev Vladislav (BLR)"]
[Result "1-0"]
[LiveChessVersion "1.4.8"]
[BlackElo "2624"]
[WhiteElo "2463"]

1. d4 {[%clk 0:15:17]} Nf6 {[%clk 0:15:19]} 2. c4 {[%clk 0:15:25]} g6
{[%clk 0:15:28]} 3. Nc3 {[%clk 0:15:29]} Bg7 {[%clk 0:15:37]} 4. e4
{[%clk 0:15:37]} d6 {[%clk 0:15:46]} 5. Nf3 {[%clk 0:15:44]} O-O {[%clk 0:15:54]}
6. Be2 {[%clk 0:15:51]} Na6 {[%clk 0:16:03]} 7. O-O {[%clk 0:15:55]} e5
{[%clk 0:16:11]} 8. Re1 {[%clk 0:15:39]} Qe8 {[%clk 0:16:17]} 9. dxe5
{[%clk 0:15:15]} dxe5 {[%clk 0:16:25]} 10. b3 {[%clk 0:15:24]} Nc5
{[%clk 0:14:00]} 11. Qc2 {[%clk 0:15:11]} c6 {[%clk 0:12:36]} 12. Ba3
{[%clk 0:14:59]} Nfd7 {[%clk 0:11:37]} 13. Nd2 {[%clk 0:14:14]} Qe7
{[%clk 0:11:18]} 14. Bg4 {[%clk 0:14:06]} b6 {[%clk 0:09:32]} 15. Bxd7
{[%clk 0:12:58]} Qxd7 {[%clk 0:09:18]} 16. Bxc5 {[%clk 0:12:59]} bxc5
{[%clk 0:09:27]} 17. Na4 {[%clk 0:13:03]} Qe7 {[%clk 0:09:34]} 18. h3
{[%clk 0:12:39]} f5 {[%clk 0:09:40]} 19. Rad1 {[%clk 0:12:47]} Rd8
{[%clk 0:09:26]} 20. Nf3 {[%clk 0:12:52]} Be6 {[%clk 0:09:18]} 21. Qe2
{[%clk 0:12:08]} Rac8 {[%clk 0:07:23]} 22. Qe3 {[%clk 0:09:28]} fxe4
{[%clk 0:07:28]} 23. Nd2 {[%clk 0:09:36]} Rd3 {[%clk 0:07:22]} 24. Qe2
{[%clk 0:09:45]} Bf5 {[%clk 0:04:10]} 25. Nxe4 {[%clk 0:09:48]} Rd4
{[%clk 0:04:16]} 26. Rxd4 {[%clk 0:07:39]} cxd4 {[%clk 0:04:08]} 27. Nac5
{[%clk 0:07:29]} Rd8 {[%clk 0:03:41]} 28. Nd3 {[%clk 0:07:37]} Qa3
{[%clk 0:03:41]} 29. g4 {[%clk 0:06:16]} Bc8 {[%clk 0:03:16]} 30. Qd2
{[%clk 0:04:52]} Qe7 {[%clk 0:03:10]} 31. Qg5 {[%clk 0:04:33]} Qf8
{[%clk 0:02:26]} 32. Kg2 {[%clk 0:04:37]} Re8 {[%clk 0:02:14]} 33. f3
{[%clk 0:04:44]} a5 {[%clk 0:01:16]} 34. Re2 {[%clk 0:04:02]} a4 {[%clk 0:00:42]}
35. Ndc5 {[%clk 0:03:25]} axb3 {[%clk 0:00:48]} 36. axb3 {[%clk 0:03:34]} Rd8
{[%clk 0:00:24]} 37. Nd3 {[%clk 0:03:29]} Be6 {[%clk 0:00:15]} 38. Ra2
{[%clk 0:03:36]} Rb8 {[%clk 0:00:12]} 39. Ndc5 {[%clk 0:03:11]} Bc8
{[%clk 0:00:11]} 40. Ra7 {[%clk 0:03:18]} d3 {[%clk 0:00:16]} 41. Qe3
{[%clk 0:03:04]} Qd8 {[%clk 0:00:21]} 42. Qxd3 {[%clk 0:03:01]} Qxd3 43. Nxd3
{[%clk 0:03:10]} Rxb3 {[%clk 0:00:20]} 44. Ra8 {[%clk 0:02:47]} Rxd3
{[%clk 0:00:29]} 45. Rxc8+ {[%clk 0:02:56]} Bf8 {[%clk 0:00:28]} 46. Rxc6
{[%clk 0:03:00]} Bb4 {[%clk 0:00:19]} 47. Rc7 {[%clk 0:03:05]} h5
{[%clk 0:00:27]} 48. c5 {[%clk 0:02:53]} Ra3 {[%clk 0:00:36]} 49. Rb7
{[%clk 0:02:55]} Ra2+ {[%clk 0:00:44]} 50. Kf1 {[%clk 0:03:04]} Ra1+
{[%clk 0:00:37]} 51. Ke2 {[%clk 0:03:12]} Ra2+ {[%clk 0:00:45]} 52. Kd1
{[%clk 0:03:08]} Ra1+ {[%clk 0:00:38]} 53. Kc2 {[%clk 0:03:17]} Bxc5
{[%clk 0:00:48]} 54. Nxc5 {[%clk 0:03:25]} Rh1 {[%clk 0:00:41]} 55. Nd7
{[%clk 0:03:11]} Rxh3 {[%clk 0:00:42]} 56. Nxe5 {[%clk 0:03:19]} h4
{[%clk 0:00:47]} 57. Nxg6 {[%clk 0:02:49]} Rxf3 {[%clk 0:00:47]} 58. Nxh4
{[%clk 0:02:57]} Rf4 {[%clk 0:00:50]} 59. Nf5 {[%clk 0:03:06]} Kh8
{[%clk 0:00:56]} 60. Ne3 {[%clk 0:03:13]} 1-0

[Event "Rapid 2018"]
[Site "Saint-Petersburg"]
[Date "2018.12.28"]
[Round "14"]
[Board "65"]
[White "Usmanov Vasily (RUS)"]
[Black "Salgado Lopez Ivan (ESP)"]
[Result "0-1"]
[LiveChessVersion "1.4.8"]
[BlackElo "2618"]
[WhiteElo "2459"]

1. Nf3 {[%clk 0:15:19]} b6 {[%clk 0:15:14]} 2. c4 {[%clk 0:15:07]} Bb7
{[%clk 0:15:18]} 3. Nc3 {[%clk 0:15:16]} Nf6 {[%clk 0:15:21]} 4. d4
{[%clk 0:15:12]} e6 {[%clk 0:15:28]} 5. a3 {[%clk 0:15:16]} d5 {[%clk 0:15:31]}
6. Bg5 {[%clk 0:15:19]} Be7 {[%clk 0:15:32]} 7. Qa4+ {[%clk 0:15:22]} Qd7
{[%clk 0:14:36]} 8. Qc2 {[%clk 0:14:56]} dxc4 {[%clk 0:14:10]} 9. e3
{[%clk 0:14:29]} Bxf3 {[%clk 0:12:42]} 10. gxf3 {[%clk 0:14:35]} Qc6
{[%clk 0:12:02]} 11. Bxf6 {[%clk 0:13:54]} Bxf6 {[%clk 0:12:01]} 12. Qe4
{[%clk 0:13:49]} O-O {[%clk 0:11:41]} 13. f4 {[%clk 0:12:10]} Qxe4
{[%clk 0:11:20]} 14. Nxe4 {[%clk 0:12:18]} Nd7 {[%clk 0:11:02]} 15. Bxc4
{[%clk 0:12:16]} c5 {[%clk 0:10:35]} 16. Nxf6+ {[%clk 0:12:13]} Nxf6
{[%clk 0:10:17]} 17. dxc5 {[%clk 0:12:15]} bxc5 {[%clk 0:09:03]} 18. Rc1
{[%clk 0:12:07]} Rab8 {[%clk 0:08:56]} 19. Rc2 {[%clk 0:12:05]} Rfd8
{[%clk 0:09:02]} 20. Ke2 {[%clk 0:12:10]} Kf8 {[%clk 0:09:06]} 21. Rhc1
{[%clk 0:11:03]} Rd6 {[%clk 0:09:03]} 22. Bd3 {[%clk 0:10:00]} Nd7
{[%clk 0:09:08]} 23. b4 {[%clk 0:10:01]} cxb4 {[%clk 0:08:57]} 24. Rc8+
{[%clk 0:10:10]} Ke7 {[%clk 0:08:11]} 25. Rxb8 {[%clk 0:10:18]} Nxb8
{[%clk 0:08:18]} 26. axb4 {[%clk 0:10:26]} Rc6 {[%clk 0:08:07]} 27. Rg1
{[%clk 0:10:00]} g6 {[%clk 0:08:06]} 28. b5 {[%clk 0:08:49]} Rc7 {[%clk 0:08:08]}
29. Ra1 {[%clk 0:08:43]} Kd6 {[%clk 0:07:26]} 30. Kf3 {[%clk 0:08:01]} Kc5
{[%clk 0:06:53]} 31. Kg4 {[%clk 0:08:08]} h6 {[%clk 0:06:51]} 32. h4
{[%clk 0:07:45]} Nd7 {[%clk 0:06:48]} 33. Kf3 {[%clk 0:06:27]} h5
{[%clk 0:06:47]} 34. Ra4 {[%clk 0:05:27]} Nb6 {[%clk 0:06:36]} 35. Ra6
{[%clk 0:04:52]} Nd5 {[%clk 0:06:25]} 36. Bf1 {[%clk 0:03:30]} Nc3
{[%clk 0:06:01]} 37. Ra3 {[%clk 0:03:37]} Kb4 {[%clk 0:05:32]} 38. Ra1
{[%clk 0:03:47]} Rb7 {[%clk 0:05:14]} 39. e4 {[%clk 0:03:04]} Nxb5
{[%clk 0:05:14]} 40. Ke3 {[%clk 0:02:00]} Na3 {[%clk 0:02:50]} 41. Bd3
{[%clk 0:02:09]} Rc7 {[%clk 0:02:29]} 42. f5 {[%clk 0:02:17]} exf5
{[%clk 0:02:23]} 43. exf5 {[%clk 0:02:26]} gxf5 {[%clk 0:02:30]} 44. Rg1
{[%clk 0:01:53]} a5 {[%clk 0:02:36]} 45. Rg5 {[%clk 0:02:02]} Rc5
{[%clk 0:02:39]} 46. Kd4 {[%clk 0:01:48]} a4 {[%clk 0:02:08]} 47. Rxh5
{[%clk 0:01:53]} Nb5+ {[%clk 0:02:07]} 48. Bxb5 {[%clk 0:01:58]} Rxb5
{[%clk 0:02:16]} 49. Rh8 {[%clk 0:01:39]} a3 {[%clk 0:02:08]} 50. Ra8
{[%clk 0:01:38]} f4 {[%clk 0:02:12]} 51. f3 {[%clk 0:01:42]} Kb3 {[%clk 0:02:18]}
52. Ke4 {[%clk 0:01:17]} a2 {[%clk 0:02:20]} 53. Rxa2 {[%clk 0:01:05]} Kxa2
{[%clk 0:02:27]} 54. Kxf4 {[%clk 0:01:14]} Kb3 {[%clk 0:01:56]} 55. Kg4
{[%clk 0:01:23]} Kc4 {[%clk 0:01:56]} 56. h5 {[%clk 0:01:31]} Kd5
{[%clk 0:02:02]} 57. h6 {[%clk 0:01:23]} Ke6 {[%clk 0:01:57]} 58. h7
{[%clk 0:01:29]} Rb8 {[%clk 0:02:03]} 59. Kg5 {[%clk 0:01:38]} Rh8
{[%clk 0:02:05]} 60. Kh6 {[%clk 0:01:47]} Kf6 {[%clk 0:02:12]} 61. f4
{[%clk 0:01:55]} Ra8 {[%clk 0:02:17]} 62. h8=Q+ {[%clk 0:01:54]} Rxh8# 0-1